Дело о препровождении в третье отделение Собственной его величества канцелярии в цензуру для рассмотрения немецких пьес

Доступно только в Электронных читальных залах Найти на картеНа карте
RUSMARC
00003772nmc2a22000003x 450
00138fc06b7-2b5f-4fc0-82ec-885af6aff1ae
00520181224222449.0
100##$a20170623l18451846k l0rusy0189 ca
1010#$arus
102##$aRU
2001#$aДело о препровождении в третье отделение Собственной его величества канцелярии в цензуру для рассмотрения немецких пьес
$j12 марта 1845 г. - 28 марта 1846 г.
251##$cДело
300##$aПо Санкт-Петербургской дирекции за 1845 год
300##$aДело
801#0$aRU
$bРГИА
$c20170623
$gRCR
801#1$aRU
$bГлавНИВЦ
$c20170623
$2rusmarc
801#2$aRU
$bПБ им. Б.Н. Ельцина
$c20181224
$gRCR
$2rusmarc
850##$aРГИА
852##$aРГИА
$eФедеральное казенное учреждение "Российский государственный исторический архив" (РГИА)
$j10435
937##$hРГИА
$d12246513
$aASBIBLIO_SCAN
462#0$1001dd3991dc-24e1-42ec-8838-ca4255420416
$12001
$a1746-1850 гг.
$1251
$cОпись
$1852
$j1
461#0$10019264ebf8-de62-4f1a-9eb4-9f22098dbbd5
$12001
$aДирекция императорских театров МИДв
$1251
$cФонд
$1852
$j497
215##$a68 л.
$d36,5х26 см
371##$aДокумент не является опубликованным и широко распространяемым
105##$ay###
1222#$ad
035##$a38fc06b7-2b5f-4fc0-82ec-885af6aff1ae
856##$uhttp://readingroom.main.prlib.ru/item.aspx?id_node=n122287338&mode=full
Формат отображения